000
00350pam a2200157a 44500
008
230515b1983 xxu||||| |||| 00| 0 eng d
020
_a
NULL
041
_a
ENGLISH
082
_a
N.D.
100
_a
Gupta A.K. /Gupta R.C.
245
_a
Material Science
250
_a
0
260
_a
NULL
_b
S. Chand & Co.
_c
1983
300
_a
558
650
_a
NULL
999
_c
572164
_d
572164